Maior Artilheiro dos 12 Grandes do Brasil - Statistics

Estatísticas Gerais
  • Esse quiz foi jogado 149 vezes
    124 desde o último reset
  • A pontuação média é 5 de 12
Estatísticas das Respostas
N° Gols Clube Jogador % Correto
1091 Santos Pelé
100%
508 Flamengo Zico
97%
702 Vasco Roberto Dinamite
95%
255 Atlético Reinaldo
43%
242 São Paulo Serginho Chulapa / Serginho
40%
245 Cruzeiro Tostão
39%
317 Palmeiras Heitor
20%
264 Grêmio Alcindo
18%
305 Corinthians Cláudio
18%
308 Botafogo Quarentinha
18%
319 Fluminense Waldo
14%
485 Internacional Carlitos
13%
Nenhum quiz correspondente encontrado
Distribuição das Pontuações
Porcentagem de Pessoas com Cada Pontuação
Percentil de Números Respondidos
Sua Pontuação Histórica
Você não jogou esse quiz desde o último reset